Biology of the land crabs /

Bibliographic Details
Other Authors: Burggren, Warren W., McMahon, Brian R. (Brian Robert), 1936-
Format: Book
Language:English
Published: Cambridge [Cambridgeshire] ; New York : Cambridge University Press, 1988.
Subjects:

MARC

Tag First Indicator Second Indicator Subfields
LEADER 00000cam a2200000 a 4500
001 in00000023953
005 20151007055604.0
008 870723s1988 enka b 00100 eng
010 |a  87020734  
020 |a 0521306906 
035 |a (OCoLC)16580092 
035 |9 AAB8653AM 
040 |a DLC  |c DLC  |d TXA  |d UtOrBLW 
049 |a TXAM  |c [A11505426] 
050 0 0 |a QL444.M33  |b B564 1988 
082 0 |a 595.3/842  |2 19 
245 0 0 |a Biology of the land crabs /  |c edited by Warren W. Burggren, Brian R. McMahon. 
264 1 |a Cambridge [Cambridgeshire] ;  |a New York :  |b Cambridge University Press,  |c 1988. 
300 |a xii, 479 pages :  |b illustrations ;  |c 24 cm. 
336 |a text  |b txt  |2 rdacontent 
337 |a unmediated  |b n  |2 rdamedia 
338 |a volume  |b nc  |2 rdacarrier 
504 |a Bibliography: pages 391-446. 
500 |a Includes indexes. 
650 0 |a Grapsidae. 
650 0 |a Gecarcinidae. 
650 0 |a Coenobotidae. 
650 0 |a Crabs. 
700 1 |a Burggren, Warren W. 
700 1 |a McMahon, Brian R.  |q (Brian Robert),  |d 1936- 
999 |a MARS 
999 f f |s 90b89a28-4d81-35cd-a447-0ae258d9fbd7  |i 3b20c060-f247-3ee9-acd0-a3fe12e2c174  |t 0 
952 f f |p ric  |a Texas A&M University  |b Rellis Campus  |c Joint Library Facility  |d Remote Storage  |t 0  |e QL444.M33 B564 1988  |h Library of Congress classification  |i unmediated -- volume  |m A14811505426 
998 f f |a QL444.M33 B564 1988  |t 0  |l Remote Storage